[Event "Tournoi de la Vierge 2011"]
[Site "CRELEL"]
[Date "2011.08.12"]
[Round "1"]
[White "Mollica, Antonio"]
[Black "Ricardo, Bruno"]
[Result "1/2-1/2"]
[WhiteElo "1629"]
[BlackElo "1954"]
[PlyCount "133"]
[EventDate "2011.??.??"]

1. e4 d6 2. f4 Nf6 3. Nc3 c6 4. Nf3 g6 5. Be2 b5 6. e5 dxe5 7. fxe5 Nd5 8. Ne4
Bg7 9. d4 O-O 10. O-O Bf5 11. Ng3 Be6 12. Ng5 Nc7 13. c3 Bd5 14. Nf3 Nd7 15. h4
h5 16. Ng5 Ne6 17. Bf3 Nxg5 18. Bxd5 Nh3+ 19. Kh2 cxd5 20. Kxh3 Qb6 21. Qe2
Qe6+ 22. Kh2 Rab8 23. Bd2 a5 24. Qe1 Nb6 25. b3 a4 26. Ne2 Qg4 27. Rf4 Qe6 28.
Rf3 axb3 29. axb3 Ra8 30. Rxa8 Rxa8 31. Nf4 Qg4 32. e6 f5 33. Qg3 Ra2 34. Be1
Kh7 35. Nd3 Bf6 36. Rf2 Ra1 37. Qxg4 hxg4 38. Re2 Rb1 39. Nc5 Kg7 40. Nd7 Nc8
41. Kg3 Rxb3 42. Kf4 Nd6 43. Nb6 Ne4 44. Nxd5 Ra3 45. h5 Bg5+ 46. Ke5 Nd6 47.
hxg6 Kxg6 48. Nf4+ Bxf4+ 49. Kxf4 Ne4 50. Bh4 Nxc3 51. Re5 Ra4 52. Bxe7 Rxd4+
53. Kg3 Ne4+ 54. Kh2 b4 55. Bxb4 Rxb4 56. e7 Nf6 57. Re6 Rb8 58. Kg3 Kf7 59.
Re5 Re8 60. Kf4 Rxe7 61. Rxe7+ Kxe7 62. Kxf5 Kf7 63. Kg5 Ke6 64. Kf4 Ke7 65.
Kg5 Kf7 66. Kf5 Kg7 67. Kg5 1/2-1/2

[Event "Tournoi de la Vierge 2011"]
[Site "CRELEL"]
[Date "2011.08.13"]
[Round "3"]
[White "Monticelli, Romain"]
[Black "Kuypers, Raoul"]
[Result "1-0"]
[WhiteElo "1761"]
[BlackElo "1316"]
[PlyCount "95"]
[EventDate "2011.??.??"]

1. d4 d5 2. c4 dxc4 3. e4 e6 4. Bxc4 Nc6 5. Nf3 Be7 6. Nc3 h6 7. O-O Nf6 8. d5
exd5 9. exd5 Nb4 10. a3 Na6 11. Re1 O-O 12. Nd4 Nc5 13. b4 Ncd7 14. Nf5 Bd6 15.
Nxd6 cxd6 16. Bf4 Nb6 17. Bb3 Bf5 18. Nb5 Ne8 19. Qf3 Bg6 20. Qg3 Nc8 21. h4 a6
22. Nc3 Qf6 23. Ra2 Ne7 24. h5 Nf5 25. Qh3 Bh7 26. Ne4 Qd8 27. g4 Nd4 28. Bd1
f5 29. Ng3 Rc8 30. gxf5 Nxf5 31. Bg4 Rc4 32. Nxf5 Bxf5 33. Bxf5 Rxf4 34. Be6+
Kh8 35. Re3 Qf6 36. Qg3 Qd4 37. Qg6 Nc7 38. Qd3 Nxe6 39. dxe6 Qf6 40. e7 Rg4+
41. Kf1 Re8 42. Rae2 Qg5 43. Ke1 Rg1+ 44. Kd2 Rxe7 45. Qxd6 Ra1 46. Qxe7 Ra2+
47. Kc1 Rxe2 48. Qxg5 1-0

[Event "Tournoi de la Vierge 2011"]
[Site "CRELEL"]
[Date "2011.08.14"]
[Round "5"]
[White "Monticelli, Romain"]
[Black "Lenaerts, Lennert"]
[Result "0-1"]
[WhiteElo "1761"]
[BlackElo "1895"]
[PlyCount "52"]
[EventDate "2011.??.??"]

1. d4 Nf6 2. c4 g6 3. Nc3 Bg7 4. Nf3 O-O 5. e4 d6 6. Be2 e5 7. O-O Nc6 8. d5
Ne7 9. h3 Nd7 10. Nh2 f5 11. f4 Nc5 12. exf5 Nxf5 13. Bd3 Ng3 14. Rf3 exf4 15.
Bxf4 Bd4+ 16. Be3 Bxe3+ 17. Rxe3 Qg5 18. Qe1 Nh5 19. Ne4 Nxe4 20. Bxe4 Nf4 21.
h4 Qf6 22. Rb1 Bd7 23. Nf3 Rae8 24. Qb4 Nxg2 25. Kxg2 Rxe4 26. Rbe1 Rg4+ 0-1

[Event "Tournoi de la Vierge 2011"]
[Site "CRELEL"]
[Date "2011.08.12"]
[Round "1"]
[White "Monticelli, Romain"]
[Black "Thirion, Christian"]
[Result "1-0"]
[WhiteElo "1761"]
[BlackElo "1265"]
[PlyCount "35"]
[EventDate "2011.??.??"]

1. d4 d5 2. c4 Nf6 3. Nc3 e6 4. Nf3 c5 5. Bg5 cxd4 6. Nxd4 Bc5 7. e3 dxc4 8.
Bxc4 h6 9. Bh4 Bd7 10. Qf3 Nc6 11. O-O-O Be7 12. Bxe6 Ne5 13. Bxd7+ Qxd7 14.
Qf5 Qxf5 15. Nxf5 g6 16. Nxe7 Kxe7 17. Nd5+ Ke6 18. Nc7+ 1-0

[Event "Tournoi de la Vierge 2011"]
[Site "CRELEL"]
[Date "2011.08.13"]
[Round "3"]
[White "Noiroux, Kevin"]
[Black "Ancion, Merowig"]
[Result "1-0"]
[WhiteElo "2205"]
[BlackElo "1864"]
[PlyCount "73"]
[EventDate "2011.??.??"]

1. d4 Nf6 2. Nf3 d5 3. c4 c6 4. Nc3 e6 5. g3 Nbd7 6. Bg2 Bd6 7. O-O O-O 8. Qd3
b6 9. Rd1 Bb7 10. e4 dxe4 11. Nxe4 Nxe4 12. Qxe4 Nf6 13. Qc2 Qe7 14. c5 Bc7 15.
Bg5 h6 16. Bxf6 Qxf6 17. Re1 Rad8 18. Rad1 Rd7 19. b4 Rfd8 20. Rd2 bxc5 21.
bxc5 Ba5 22. Red1 Bxd2 23. Rxd2 Qe7 24. h4 f6 25. Bf1 Bc8 26. Bc4 h5 27. Qf5
Rd5 28. Bxd5 Rxd5 29. Qb1 e5 30. Qb8 Qd7 31. dxe5 Rxd2 32. Nxd2 fxe5 33. Ne4
Kh7 34. Qxe5 Qd1+ 35. Kh2 Bg4 36. Ng5+ Kg6 37. Qe4+ 1-0

[Event "Tournoi de la Vierge 2011"]
[Site "CRELEL"]
[Date "2011.08.14"]
[Round "5"]
[White "Noiroux, Kevin"]
[Black "Joassin, Stephane"]
[Result "1-0"]
[WhiteElo "1762"]
[BlackElo "2205"]
[PlyCount "109"]
[EventDate "2011.??.??"]

1. d4 Nf6 2. Nf3 e6 3. Bf4 b6 4. e3 Bb7 5. Bd3 c5 6. c3 Be7 7. h3 h6 8. Nbd2 d5
9. Ne5 Nbd7 10. Qf3 Bd6 11. Nxf7 Kxf7 12. Bxd6 Re8 13. Qg3 Nf8 14. dxc5 bxc5
15. Bxc5 e5 16. Bxf8 Kxf8 17. Bg6 Re7 18. O-O Ba6 19. Rfe1 Rb8 20. Nb3 Bc4 21.
Bc2 Qc7 22. Rad1 a5 23. Rb1 a4 24. Nc1 Qa5 25. f3 Rbb7 26. Nd3 Bxd3 27. Bxd3 a3
28. b4 Qc7 29. Rb3 Ra7 30. Rc1 d4 31. exd4 exd4 32. Qxc7 Rexc7 33. Rc2 dxc3 34.
Rcxc3 Rxc3 35. Rxc3 Nd5 36. Rb3 Ke7 37. b5 Kd6 38. b6 Rb7 39. Be4 Kc5 40. Bxd5
Kxd5 41. Kf2 Kc5 42. Ke3 Kd5 43. Kf4 Kd4 44. Kf5 Kd5 45. h4 Kd6 46. h5 Kd5 47.
f4 Kd6 48. g4 Kd5 49. g5 Kd6 50. Kg6 Ke6 51. f5+ Ke7 52. f6+ gxf6 53. gxf6+ Ke6
54. f7 Ke7 55. Re3+ 1-0

[Event "Tournoi de la Vierge 2011"]
[Site "CRELEL"]
[Date "2011.08.13"]
[Round "2"]
[White "Noiroux, Kevin"]
[Black "Monticelli, Romain"]
[Result "1-0"]
[WhiteElo "2205"]
[BlackElo "1761"]
[PlyCount "39"]
[EventDate "2011.??.??"]

1. d4 Nf6 2. Nf3 e6 3. Bf4 d5 4. e3 Bd6 5. Ne5 Nbd7 6. c3 a6 7. Nd2 Nb6 8. b4
Bd7 9. a4 a5 10. b5 c5 11. Nxf7 Kxf7 12. Bxd6 cxd4 13. cxd4 Bxb5 14. Bxb5 Qxd6
15. O-O Rhc8 16. Rc1 Nbd7 17. Qf3 Kg8 18. Qh3 e5 19. Rxc8+ Rxc8 20. dxe5 1-0

[Event "Tournoi de la Vierge 2011"]
[Site "CRELEL"]
[Date "2011.08.12"]
[Round "1"]
[White "Nottet, Tristan"]
[Black "Noiroux, Kevin"]
[Result "0-1"]
[WhiteElo "1689"]
[BlackElo "2199"]
[PlyCount "38"]
[EventDate "2011.??.??"]

1. e4 d5 2. exd5 Qxd5 3. Nc3 Qa5 4. d4 Nf6 5. Nf3 Bf5 6. Bc4 e6 7. Bd2 c6 8.
Nd5 Qd8 9. Nxf6+ gxf6 10. O-O Rg8 11. Re1 Bg4 12. c3 Qa5 13. Be2 Qf5 14. Nh4
Qh5 15. Bxg4 Rxg4 16. Nf3 Nd7 17. Qc2 O-O-O 18. a4 Bd6 19. b4 Rdg8 0-1

[Event "Tournoi de la Vierge 2011"]
[Site "CRELEL"]
[Date "2011.08.15"]
[Round "6"]
[White "Nottet, Tristan"]
[Black "Sferruggia, Serge"]
[Result "0-1"]
[WhiteElo "1689"]
[BlackElo "1534"]
[PlyCount "51"]
[EventDate "2011.??.??"]

1. e4 e5 2. Nf3 Nc6 3. d4 exd4 4. Bc4 Nf6 5. O-O Be7 6. Re1 O-O 7. Nxd4 Nxd4 8.
Qxd4 b6 9. Nc3 Bb7 10. e5 Bc5 11. Qd1 d5 12. exf6 Qxf6 13. Bxd5 Bxf2+ 14. Kh1
Bxe1 15. Qxe1 Rfe8 16. Qg1 Bxd5 17. Nxd5 Qe5 18. Ne3 Rad8 19. h3 Qg3 20. Nf1
Qe1 21. Ne3 Qe2 22. b3 f5 23. Qf1 Qxf1+ 24. Nxf1 Re1 25. Bb2 Rxa1 26. Bxa1 0-1

[Event "Tournoi de la Vierge 2011"]
[Site "CRELEL"]
[Date "2011.08.15"]
[Round "6"]
[White "Nottet, Tristan"]
[Black "Sferruggia, Serge"]
[Result "0-1"]
[WhiteElo "1689"]
[BlackElo "1534"]
[PlyCount "50"]
[EventDate "2011.??.??"]

1. e4 e5 2. Nf3 Nc6 3. d4 exd4 4. Bc4 Nf6 5. O-O Be7 6. Re1 O-O 7. Nxd4 Nxd4 8.
Qxd4 b6 9. Nc3 Bb7 10. e5 Bc5 11. Qd1 d5 12. exf6 Qxf6 13. Bxd5 Bxf2+ 14. Kh1
Bxe1 15. Qxe1 Rfe8 16. Qg1 Bxd5 17. Nxd5 Qe5 18. Ne3 Rad8 19. h3 Qg3 20. Nf1
Qe1 21. Ne3 Qe2 22. b3 f5 23. Qf1 Qxf1+ 24. Nxf1 Rd1 25. Bb2 Rxa1 0-1

[Event "Tournoi de la Vierge 2011"]
[Site "CRELEL"]
[Date "2011.08.12"]
[Round "1"]
[White "Remont, Leopold"]
[Black "Henry, Michael"]
[Result "1/2-1/2"]
[WhiteElo "1964"]
[BlackElo "1667"]
[PlyCount "75"]
[EventDate "2011.??.??"]

1. e4 c5 2. Nf3 Nc6 3. d4 cxd4 4. Nxd4 Nf6 5. Nc3 e5 6. Ndb5 d6 7. Bg5 a6 8.
Bxf6 gxf6 9. Na3 b5 10. Nd5 f5 11. c3 fxe4 12. Bxb5 axb5 13. Nxb5 Be6 14. Nbc7+
Kd7 15. Nxa8 Bxd5 16. Qxd5 Qxa8 17. Qxf7+ Be7 18. Qf5+ Kc7 19. Qxe4 Qb7 20. b3
Qb5 21. Rd1 Ra8 22. Rd5 Qa6 23. Rd2 Rg8 24. g3 h5 25. h4 Rg4 26. Qf5 Qb5 27.
Qxh5 Re4+ 28. Re2 Qd3 29. Re3 Rxe3+ 30. fxe3 Qxe3+ 31. Kf1 Qxg3 32. Qf7 Qd3+
33. Kg2 Qxc3 34. Rh3 Qc2+ 35. Qf2 Qe4+ 36. Kf1 Qb1+ 37. Kg2 Qe4+ 38. Kf1
1/2-1/2

[Event "Tournoi de la Vierge 2011"]
[Site "CRELEL"]
[Date "2011.08.15"]
[Round "7"]
[White "Remont, Leopold"]
[Black "Noiroux, Kevin"]
[Result "0-1"]
[WhiteElo "1964"]
[BlackElo "2205"]
[PlyCount "95"]
[EventDate "2011.??.??"]

1. e4 d5 2. exd5 Qxd5 3. Nc3 Qa5 4. d4 Nf6 5. Nf3 Bf5 6. Bd2 e6 7. Nd5 Qb6 8.
Nxf6+ gxf6 9. Bc3 Bb4 10. Qd2 Nc6 11. a3 Bxc3 12. Qxc3 O-O-O 13. O-O-O Be4 14.
Be2 Bxf3 15. Bxf3 Nxd4 16. Rhe1 f5 17. Bh5 f6 18. f4 Rd6 19. Kb1 Rhd8 20. Qe3
Qb5 21. Rd2 Nc6 22. Rxd6 Rxd6 23. Bf7 Nd8 24. Bh5 Qb6 25. Kc1 Rd4 26. Bf3 Qd6
27. g3 a6 28. Rd1 Rxd1+ 29. Bxd1 Qd5 30. Bf3 Qa2 31. Qd4 Qa1+ 32. Kd2 Qf1 33.
Qe3 Qh3 34. Qe2 e5 35. fxe5 fxe5 36. Qxe5 Qxh2+ 37. Kc3 Qh3 38. Be2 Kb8 39. Bd3
Nc6 40. Bxf5 Qh5 41. Qe4 h6 42. g4 Qf7 43. Qf4 h5 44. Qg5 hxg4 45. Bxg4 Qf2 46.
Qg8+ Ka7 47. Qg7 Qe3+ 48. Kc4 0-1

[Event "Tournoi de la Vierge 2011"]
[Site "CRELEL"]
[Date "2011.08.14"]
[Round "5"]
[White "Remont, Leopold"]
[Black "Ricardo, Bruno"]
[Result "0-1"]
[WhiteElo "1964"]
[BlackElo "1954"]
[PlyCount "136"]
[EventDate "2011.??.??"]

1. e4 c5 2. Nf3 d6 3. d4 cxd4 4. Nxd4 Nf6 5. Nc3 g6 6. Be3 Bg7 7. f3 Nc6 8. Qd2
O-O 9. O-O-O d5 10. exd5 Nxd5 11. Nxc6 bxc6 12. Bd4 Nxc3 13. Qxc3 Bh6+ 14. Be3
Bxe3+ 15. Qxe3 Qb6 16. Qxb6 axb6 17. a3 Be6 18. h4 h5 19. Rg1 Ra4 20. g3 Bd5
21. Be2 Kg7 22. Rd2 e5 23. Bd1 f5 24. c3 Ra7 25. Re1 Re7 26. f4 e4 27. Re3 Kf6
28. Rd4 b5 29. a4 bxa4 30. Bxa4 Ra8 31. b3 Ra6 32. c4 Bf7 33. Kc2 Ke6 34. c5
Rd7 35. Kc3 Rd5 36. Kc4 Kd7 37. Rxd5+ Bxd5+ 38. Kd4 Ke6 39. Rc3 Ra7 40. Re3 Rd7
41. Kc3 Ke7 42. Re2 Kd8 43. Re3 Kc7 44. Kc2 Bf7 45. Rc3 Rd4 46. Re3 Bd5 47. Kc3
Rd1 48. Kc2 Rf1 49. Kd2 Kd7 50. Ke2 Rb1 51. Kd2 Rb2+ 52. Kc3 Rf2 53. Kd4 Ke6
54. Kc3 Ra2 55. Kd4 Rf2 56. Kc3 Rf3 57. Kd4 Rf1 58. Kc3 Rc1+ 59. Kd4 Rc2 60.
Re1 Rd2+ 61. Ke3 Rd3+ 62. Kf2 Rf3+ 63. Kg2 Kd7 64. Rd1 Kc7 65. Rf1 Rc3 66. b4
e3+ 67. Kg1 e2 68. Re1 Rxg3+ 0-1

[Event "Tournoi de la Vierge 2011"]
[Site "CRELEL"]
[Date "2011.08.14"]
[Round "5"]
[White "Reyskens, Jules"]
[Black "Ancion, Merowig"]
[Result "1-0"]
[WhiteElo "1696"]
[BlackElo "1864"]
[PlyCount "55"]
[EventDate "2011.??.??"]

1. e4 e5 2. Nf3 Nc6 3. Bc4 Nf6 4. Ng5 d5 5. exd5 Na5 6. Bb5+ c6 7. dxc6 bxc6 8.
Qf3 Bd7 9. Ba4 Bd6 10. d3 O-O 11. Nc3 Bg4 12. Qe3 Nd5 13. Nxd5 cxd5 14. O-O Qe7
15. Qe1 Nb7 16. Bb3 h6 17. Nf3 Bxf3 18. gxf3 d4 19. Bd5 Rac8 20. Qe4 Nc5 21.
Qg4 Kh7 22. Qf5+ Kh8 23. Kh1 g6 24. Qh3 h5 25. Rg1 Qd7 26. Qxd7 Nxd7 27. Bh6
Kg8 28. Rxg6+ 1-0

[Event "Tournoi de la Vierge 2011"]
[Site "CRELEL"]
[Date "2011.08.15"]
[Round "7"]
[White "Reyskens, Jules"]
[Black "Henry, Michael"]
[Result "0-1"]
[WhiteElo "1696"]
[BlackElo "1667"]
[PlyCount "80"]
[EventDate "2011.??.??"]

1. e4 c5 2. Nf3 Nc6 3. d4 cxd4 4. Nxd4 Nf6 5. Nc3 e5 6. Ndb5 d6 7. Nd5 Nxd5 8.
exd5 Ne7 9. c4 Ng6 10. Bd3 f5 11. Qh5 e4 12. Be2 Be7 13. O-O O-O 14. Be3 f4 15.
Bd4 f3 16. Be3 fxe2 17. Qxe2 a6 18. Nd4 Bf6 19. Rad1 Bxd4 20. Rxd4 Qe7 21. Re1
Bf5 22. Red1 Rac8 23. b4 Ne5 24. c5 Nd3 25. Rc4 Qd7 26. Qc2 Ne5 27. Rc3 Bg6 28.
Rc1 Nd3 29. Rd1 dxc5 30. Bxc5 Rfe8 31. Qb3 b6 32. Be3 Rxc3 33. Qxc3 Qxd5 34.
Rd2 b5 35. Bc5 Qc4 36. Qxc4+ bxc4 37. Rc2 Bf7 38. a4 Rc8 39. Rd2 Nxc5 40. bxc5
c3 0-1

[Event "Tournoi de la Vierge 2011"]
[Site "CRELEL"]
[Date "2011.08.13"]
[Round "2"]
[White "Reyskens, Jules"]
[Black "Remont, Leopold"]
[Result "1/2-1/2"]
[WhiteElo "1696"]
[BlackElo "1964"]
[PlyCount "85"]
[EventDate "2011.??.??"]

1. e4 e5 2. Nf3 Nc6 3. Bc4 Nf6 4. Ng5 d5 5. exd5 Na5 6. Bb5+ c6 7. dxc6 bxc6 8.
Qf3 Rb8 9. Be2 Bd6 10. Ne4 Nxe4 11. Qxe4 O-O 12. c3 c5 13. Bd3 f5 14. Qe2 Bb7
15. Qh5 Qf6 16. O-O Bd5 17. Na3 c4 18. Be2 f4 19. d4 g6 20. dxe5 Bxe5 21. Qh3
Rb7 22. Bf3 Be6 23. Bg4 Bxg4 24. Qxg4 Rd8 25. Qe2 Re7 26. Qf3 Rd3 27. Qa8+ Kg7
28. Nb5 f3 29. Be3 Nc6 30. Qc8 Red7 31. Nd4 Rd6 32. Nxf3 Bf4 33. Nd4 Be5 34.
Qb7+ Kg8 35. Nxc6 Rxc6 36. Qb8+ Rd8 37. Qxa7 Qh4 38. g3 Qe4 39. Rad1 Rcd6 40.
Rxd6 Rxd6 41. Qb8+ Kg7 42. Qc7+ Kg8 43. Qc8+ 1/2-1/2

[Event "Tournoi de la Vierge 2011"]
[Site "CRELEL"]
[Date "2011.08.13"]
[Round "3"]
[White "Reyskens, Jules"]
[Black "Ricardo, Bruno"]
[Result "0-1"]
[WhiteElo "1698"]
[BlackElo "1954"]
[PlyCount "56"]
[EventDate "2011.??.??"]

1. e4 c5 2. Nf3 d6 3. d4 cxd4 4. Nxd4 Nf6 5. Nc3 g6 6. f4 Nc6 7. Nxc6 bxc6 8.
Bd3 Bg7 9. O-O O-O 10. Kh1 Rb8 11. Rb1 e5 12. f5 gxf5 13. exf5 d5 14. Na4 e4
15. Be2 d4 16. Bf4 Ra8 17. Be5 Qa5 18. Bxf6 Bxf6 19. b3 Qe5 20. Qd2 e3 21. Qe1
Bxf5 22. Bf3 Bxc2 23. Rc1 d3 24. Qg3+ Qxg3 25. hxg3 Bg5 26. Rxc2 dxc2 27. Be2
Rad8 28. Nc3 Rd2 0-1

[Event "Tournoi de la Vierge 2011"]
[Site "CRELEL"]
[Date "2011.08.14"]
[Round "4"]
[White "Ricardo, Bruno"]
[Black "Cesar, Andre"]
[Result "0-1"]
[WhiteElo "1954"]
[BlackElo "1851"]
[PlyCount "68"]
[EventDate "2011.??.??"]

1. e4 c6 2. Ne2 d5 3. e5 c5 4. c3 Nc6 5. d4 Bf5 6. Ng3 Bxb1 7. Rxb1 cxd4 8.
cxd4 Qb6 9. Be3 e6 10. a3 Qa5+ 11. Bd2 Qb6 12. Bc3 g6 13. Bd3 Bg7 14. Ne2 Nge7
15. Qd2 O-O 16. b4 a6 17. a4 Rfc8 18. a5 Qc7 19. h4 b6 20. axb6 Qxb6 21. h5 Na7
22. hxg6 hxg6 23. Qf4 Nb5 24. Bd2 Nc6 25. Be3 Na3 26. Qh4 Nxb1 27. Qh7+ Kf8 28.
Bg5 Qxb4+ 29. Kf1 Nd2+ 30. Kg1 Nxe5 31. dxe5 Bxe5 32. Bh6+ Ke8 33. Bg5 Ne4 34.
Qg8+ Qf8 0-1

[Event "Tournoi de la Vierge 2011"]
[Site "CRELEL"]
[Date "2011.08.15"]
[Round "7"]
[White "Ricardo, Bruno"]
[Black "Lenaerts, Lennert"]
[Result "1-0"]
[WhiteElo "1954"]
[BlackElo "1875"]
[PlyCount "53"]
[EventDate "2011.??.??"]

1. d4 Nf6 2. Nf3 g6 3. Nc3 Bg7 4. e4 d6 5. Be3 Nbd7 6. Qd2 O-O 7. Bh6 e5 8.
O-O-O exd4 9. Nxd4 Nc5 10. f3 Ne6 11. Bxg7 Kxg7 12. Bc4 a6 13. h4 h5 14. g4
Nxd4 15. Qxd4 Kh7 16. e5 Ne8 17. gxh5 gxh5 18. Bd3+ Kh8 19. Rdg1 f5 20. Rg5 Ng7
21. Rhg1 c5 22. Qe3 Rf7 23. Nd5 c4 24. Bxc4 Be6 25. Bb3 Rc8 26. Nf6 f4 27. Qd3
1-0

[Event "Tournoi de la Vierge 2011"]
[Site "CRELEL"]
[Date "2011.08.15"]
[Round "6"]
[White "Ricardo, Bruno"]
[Black "Monticelli, Romain"]
[Result "1-0"]
[WhiteElo "1954"]
[BlackElo "1761"]
[PlyCount "45"]
[EventDate "2011.??.??"]

1. e4 c5 2. Nf3 Nc6 3. Nc3 Nf6 4. Bb5 d6 5. Bxc6+ bxc6 6. d3 e5 7. h3 Be7 8.
Be3 h6 9. Ne2 Rb8 10. b3 Be6 11. Ng3 Qc7 12. Qe2 d5 13. O-O O-O 14. c4 Bd6 15.
Nh4 d4 16. Bd2 g5 17. Nhf5 Kh7 18. Qf3 Kg6 19. Nxh6 Rh8 20. Ngf5 Nh5 21. Bxg5
Kxg5 22. Qg4+ Kf6 23. Qxh5 1-0

[Event "Tournoi de la Vierge 2011"]
[Site "CRELEL"]
[Date "2011.08.15"]
[Round "7"]
[White "Sferruggia, Serge"]
[Black "Cesar, Andre"]
[Result "0-1"]
[WhiteElo "1534"]
[BlackElo "1851"]
[PlyCount "62"]
[EventDate "2011.??.??"]

1. e4 c6 2. d4 d5 3. exd5 cxd5 4. Bf4 Nf6 5. Nc3 a6 6. Nf3 Nc6 7. a3 Bg4 8. Be2
e6 9. O-O Bd6 10. Bxd6 Qxd6 11. b4 b5 12. Re1 O-O 13. Ne5 Bxe2 14. Rxe2 Rfc8
15. Qd2 Nd7 16. Qf4 Ncxe5 17. dxe5 Qb6 18. Nd1 Rc4 19. Qe3 Qc7 20. c3 Nb6 21.
Qg3 Na4 22. Re3 Rc8 23. Rd3 Nxc3 24. Nxc3 Rxc3 25. Rxc3 Qxc3 26. Qxc3 Rxc3 27.
Kf1 f6 28. f4 fxe5 29. fxe5 Kf7 30. Kf2 Kg6 31. g4 Kg5 0-1

[Event "Tournoi de la Vierge 2011"]
[Site "CRELEL"]
[Date "2011.08.12"]
[Round "1"]
[White "Sferruggia, Serge"]
[Black "Lenaerts, Lennert"]
[Result "0-1"]
[WhiteElo "1534"]
[BlackElo "1875"]
[PlyCount "60"]
[EventDate "2011.??.??"]

1. e4 Nf6 2. Nc3 d5 3. exd5 Nxd5 4. Nxd5 Qxd5 5. Qf3 c6 6. b3 Qe5+ 7. Ne2 Qxa1
8. a4 Qf6 9. Qxf6 exf6 10. Ng3 Be6 11. Be2 Nd7 12. d4 O-O-O 13. O-O Nb6 14. Bb2
Bd6 15. Ne4 Bf5 16. Nxd6+ Rxd6 17. c4 Re6 18. Bf3 Rhe8 19. Bc3 Bd3 20. Rc1 Be2
21. d5 R6e7 22. Bb4 Bxf3 23. Bxe7 Rxe7 24. gxf3 cxd5 25. a5 Rc7 26. axb6 axb6
27. Kf1 dxc4 28. bxc4 b5 29. c5 Kd7 30. Ke2 Kc6 0-1

[Event "Tournoi de la Vierge 2011"]
[Site "CRELEL"]
[Date "2011.08.14"]
[Round "5"]
[White "Sferruggia, Serge"]
[Black "Magis, Pierre"]
[Result "1/2-1/2"]
[WhiteElo "1534"]
[BlackElo "1782"]
[PlyCount "89"]
[EventDate "2011.??.??"]

1. e4 c5 2. Nf3 d6 3. Nc3 Nf6 4. d4 cxd4 5. Nxd4 a6 6. Be2 e6 7. Be3 Be7 8. O-O
O-O 9. f4 Nbd7 10. a4 Qc7 11. Qe1 b6 12. Qg3 Bb7 13. f5 e5 14. Bh6 Ne8 15. Nb3
Kh8 16. Be3 Nef6 17. Bd3 d5 18. exd5 Bxd5 19. Nxd5 Nxd5 20. Kh1 Nxe3 21. Qxe3
Nf6 22. Rfe1 Bd6 23. Be4 Rac8 24. Rad1 Bc5 25. Nxc5 Qxc5 26. c3 Qxe3 27. Rxe3
Rfd8 28. Rxd8+ Rxd8 29. Rd3 Rb8 30. Re3 Rd8 31. Rd3 Rxd3 32. Bxd3 a5 33. Kg1 g6
34. h3 e4 35. Bc4 Kg7 36. fxg6 hxg6 37. Kf2 Ne8 38. Ke3 Nd6 39. Bd5 f5 40. Kd4
Kf6 41. b4 axb4 42. cxb4 g5 43. a5 Nb5+ 44. Kc4 Nd6+ 45. Kd4 1/2-1/2

[Event "Tournoi de la Vierge 2011"]
[Site "CRELEL"]
[Date "2011.08.13"]
[Round "2"]
[White "Thirion, Christian"]
[Black "Sferruggia, Serge"]
[Result "0-1"]
[WhiteElo "1265"]
[BlackElo "1534"]
[PlyCount "52"]
[EventDate "2011.??.??"]

1. e4 e5 2. Nf3 Nc6 3. d4 exd4 4. Nxd4 Bc5 5. Nb3 Bb6 6. a4 a6 7. Nc3 Nf6 8.
Bg5 O-O 9. Nd5 Re8 10. Nxf6+ gxf6 11. Bh6 Rxe4+ 12. Be2 f5 13. O-O Qf6 14. Bd3
Qxh6 15. Bxe4 fxe4 16. Qg4+ Qg6 17. Qe2 d6 18. Rfe1 Bh3 19. g3 Re8 20. a5 Ba7
21. Ra4 Bg4 22. Qd2 Ne5 23. Nd4 Bxd4 24. Kf1 Bh3+ 25. Ke2 Qg4+ 26. f3 Qxf3# 0-1

[Event "Tournoi de la Vierge 2011"]
[Site "CRELEL"]
[Date "2011.08.13"]
[Round "2"]
[White "Valderrey, Theofilo"]
[Black "Kuypers, Raoul"]
[Result "0-1"]
[WhiteElo "1547"]
[BlackElo "1316"]
[PlyCount "66"]
[EventDate "2011.??.??"]

1. e4 c5 2. Nf3 Nc6 3. Bc4 h6 4. O-O Nf6 5. e5 Nh7 6. d4 cxd4 7. Re1 e6 8. Nxd4
Be7 9. Qg4 g5 10. Nf5 exf5 11. Qh5 d6 12. e6 Bxe6 13. Bxe6 Rf8 14. Bxf5 Qa5 15.
Qe2 Qxf5 16. Nc3 Kd7 17. Nb5 a6 18. Nd4 Qf6 19. Nxc6 bxc6 20. Bd2 Rae8 21. Qd3
Qg6 22. Qb3 Rb8 23. Qe3 Rbe8 24. Qb3 Rb8 25. Qa4 a5 26. Qxa5 Ra8 27. Qb6 Rfb8
28. Rxe7+ Kxe7 29. Qc7+ Kf8 30. Bc3 Kg8 31. Qxc6 Rc8 32. Qd5 Qe6 33. Qd4 f6 0-1

[Event "Tournoi de la Vierge 2011"]
[Site "CRELEL"]
[Date "2011.08.14"]
[Round "4"]
[White "Valderrey, Theofilo"]
[Black "Mollica, Antonio"]
[Result "0-1"]
[WhiteElo "1547"]
[BlackElo "1629"]
[PlyCount "141"]
[EventDate "2011.??.??"]

1. e4 d5 2. exd5 Qxd5 3. Nc3 Qd6 4. Nf3 Bg4 5. Be2 c6 6. d4 Nf6 7. Be3 Nbd7 8.
Qd2 e6 9. Rd1 Qc7 10. Bg5 Be7 11. O-O O-O 12. Rfe1 b5 13. Bf4 Qb7 14. Ne5 Bxe2
15. Qxe2 a5 16. Ne4 Nd5 17. Bg3 Nxe5 18. Bxe5 f6 19. Bd6 Rfe8 20. Nc5 Qc8 21.
Qxe6+ Qxe6 22. Rxe6 Bxd6 23. Rxd6 Rac8 24. Kf1 Nb4 25. c3 Nd5 26. Re1 Kf7 27.
Rxe8 Kxe8 28. Rd7 Rc7 29. Rd6 Ke7 30. Re6+ Kf7 31. Rd6 a4 32. a3 Nb6 33. Rd8
Nc4 34. b3 Nd2+ 35. Ke2 Nxb3 36. Kd3 Na5 37. Na6 Ra7 38. Nb4 Rc7 39. Na6 Re7
40. Nb4 Ke6 41. Ra8 Nc4 42. Nxc6 Rc7 43. Ra6 Kd7 44. Nb4 Nxa3 45. Ra5 Nb1 46.
Na2 Kc6 47. Kc2 Na3+ 48. Kd3 Kb6 49. Ra8 Kb7 50. Ra5 Rc8 51. Nb4 Ra8 52. Rxa8
Kxa8 53. Nc2 Nc4 54. Ne3 a3 55. Nc2 a2 56. Na1 Na3 57. Kd2 Kb7 58. Kc1 Nc4 59.
Kc2 Kc6 60. Kb3 Nd2+ 61. Kxa2 Ne4 62. Kb3 Nxf2 63. c4 bxc4+ 64. Kxc4 Ng4 65. h3
Ne3+ 66. Kc3 Nxg2 67. Kd3 Nf4+ 68. Ke4 Nxh3 69. Nc2 Kd6 70. Ne3 Ng5+ 71. Kf5
0-1

[Event "Tournoi de la Vierge 2011"]
[Site "CRELEL"]
[Date "2011.08.13"]
[Round "3"]
[White "Wlogalski, Olivier"]
[Black "Henry, Michael"]
[Result "1-0"]
[WhiteElo "1935"]
[BlackElo "1667"]
[PlyCount "73"]
[EventDate "2011.??.??"]

1. b3 e5 2. Bb2 Nc6 3. e3 d6 4. Bb5 Nf6 5. d4 Bd7 6. Nf3 exd4 7. Bxc6 Bxc6 8.
Qxd4 Be7 9. Nc3 Qd7 10. Qd2 Qg4 11. O-O-O Bxf3 12. gxf3 Qxf3 13. Rhg1 Rg8 14.
Rg3 Qh5 15. Rdg1 g6 16. f4 Qc5 17. Qg2 Qc6 18. Qh3 Qd7 19. Qf1 a6 20. e4 O-O-O
21. Qf2 Kb8 22. Rd1 Qe6 23. Qe2 Nh5 24. Rf3 Rge8 25. Nd5 Bf8 26. Rc3 Qd7 27.
Rxc7 Qxc7 28. Nxc7 Kxc7 29. Qc4+ Kb8 30. e5 dxe5 31. Rxd8+ Rxd8 32. Bxe5+ Ka8
33. Qc7 Ba3+ 34. Bb2 Bxb2+ 35. Kxb2 Rb8 36. Qxf7 Ka7 37. f5 1-0

[Event "Tournoi de la Vierge 2011"]
[Site "CRELEL"]
[Date "2011.08.14"]
[Round "5"]
[White "Wlogalski, Olivier"]
[Black "Nottet, Tristan"]
[Result "1/2-1/2"]
[WhiteElo "1935"]
[BlackElo "1689"]
[PlyCount "87"]
[EventDate "2011.??.??"]

1. b3 c5 2. Bb2 Nc6 3. e3 d6 4. f4 Nf6 5. Nf3 e6 6. a3 b6 7. Bd3 Bb7 8. O-O Be7
9. Nc3 e5 10. fxe5 Nxe5 11. Nxe5 dxe5 12. Bb5+ Nd7 13. Qg4 Bf6 14. e4 a6 15.
Bc4 b5 16. Bd5 Rb8 17. Bxb7 Rxb7 18. Nd5 Rb8 19. Rf3 h5 20. Qf5 Rh6 21. Raf1
Rc8 22. Rh3 Rc6 23. Rg3 Nb6 24. Nxf6+ Rhxf6 25. Qxe5+ Rce6 26. Qc3 Rxf1+ 27.
Kxf1 Qh4 28. Qxg7 Qxe4 29. Qg8+ Ke7 30. Re3 Qxc2 31. Rxe6+ fxe6 32. Qg7+ Kd6
33. Qf8+ Kd7 34. Qg7+ Kc6 35. Qc3 Qf5+ 36. Qf3+ Nd5 37. Qxf5 exf5 38. Be5 Kd7
39. Kf2 Ke6 40. Bb8 c4 41. bxc4 bxc4 42. Ke2 f4 43. Kd1 Kf5 44. Ke2 1/2-1/2